Chess Players Photo Quiz - Statistics

General Stats
  • This quiz has been taken 3,669 times
  • The average score is 11 of 20
Answer Stats
Picture Answer % Correct
Magnus Carlsen
99%
Garry Kasparov
90%
Hikaru Nakamura
89%
Bobby Fischer
88%
Viswanathan Anand
80%
Ding Liren
74%
Fabiano Caruana
73%
Judit Polgár
61%
Paul Morphy
59%
Mikhail Tal
57%
Levon Aronian
52%
José Raúl Capablanca
44%
Alexander Grischuk
42%
Antonio Radić
39%
Eric Hansen
37%
Alexander Alekhine
33%
Anna Rudolf
33%
Rameshbabu Praggnanandhaa
33%
Hou Yifan
31%
Maurice Ashley
25%
No matching quizzes found
Score Distribution
Percent of People with Each Score
Percentile by Number Answered
Your Score History
You have not taken this quiz